[Event "ch-AUT w"]
[Site "Gmunden AUT"]
[Date "2005.08.16"]
[Round "6"]
[White "Galambfalvy,M"]
[Black "Schwaninger,U"]
[Result "1-0"]
[WhiteElo "2004"]
[BlackElo "1982"]

1.e4 d6 2.d4 g6 3.Nc3 Bg7 4.f4 c6 5.Nf3 Nd7 6.Bd3 e6 7.Be3 Qb6 8.Rb1 Ngf6
9.Nd2 Qc7 10.O-O h5 11.h3 h4 12.f5 gxf5 13.exf5 e5 14.Qe1 Nd5 15.Nxd5 cxd5
16.c4 dxc4 17.Nxc4 b5 18.Nd2 Kf8 19.dxe5 Bxe5 20.Nf3 Bg3 21.Qd2 Ne5 22.Bh6+ Rxh6
23.Qxh6+ Ke7 24.Nxe5 Qc5+ 25.Kh1 Qxe5 26.f6+ Kd8 27.Qf8+ Qe8 28.Qxe8+ Kxe8
29.Bxb5+ Kf8 30.Rbc1 Be6 31.Ba6 Kg8 32.b3 d5 33.Bd3 a5 34.Bf5 a4 35.Bxe6 fxe6
36.f7+ Kf8 37.bxa4 e5 38.Rc6 Bf4 39.a5 Rxa5 40.Rb1 Kxf7 41.Rb7+  1-0

[Event "Independence Cup A"]
[Site "Kiev UKR"]
[Date "2005.08.17"]
[Round "6"]
[White "Ianovsky,A"]
[Black "Moliboga,V"]
[Result "1-0"]
[WhiteElo "2297"]
[BlackElo "2323"]

1.e4 g6 2.d4 Bg7 3.Nc3 d6 4.Be2 Nc6 5.Be3 e5 6.dxe5 Nxe5 7.f4 Nc6 8.Bf3 Nge7
9.g4 g5 10.f5 h5 11.Nge2 Ne5 12.Ng3 Nxf3+ 13.Qxf3 Be5 14.Nxh5 Ng8 15.h4 gxh4
16.O-O-O Nf6 17.Nxf6+ Qxf6 18.Nd5 Qd8 19.Bd4 Bxd4 20.Rxd4 Rg8 21.Rhd1 Bd7
22.R4d2 c6 23.Ne3 Qg5 24.Nc4 Qxg4 25.Nxd6+ Kf8 26.Qb3 Be8 27.Qxb7 Rd8 28.f6 Qd7
29.Qb4 c5 30.Qxc5 Qc6 31.Qb4 a5 32.Qa3 Rg3 33.Nxe8+ Rxa3 34.Rxd8 Kg8 35.bxa3 Qb6
36.e5 h3 37.e6 Qe3+ 38.Kb1 fxe6 39.Nd6+ Kh7 40.Nc4 Qe2 41.f7  1-0

[Event "15th ch-SLO w"]
[Site "Ptuj SLO"]
[Date "2005.08.17"]
[Round "7"]
[White "Krivec,J"]
[Black "Vospernik,M"]
[Result "1-0"]
[WhiteElo "2270"]
[BlackElo "2071"]

1.e4 g6 2.d4 Bg7 3.Nc3 d6 4.Be3 c6 5.Qd2 Nd7 6.f3 Qa5 7.Bc4 b5 8.Bb3 a6 9.Nge2 Qc7
10.a4 b4 11.Na2 c5 12.dxc5 dxc5 13.Nxb4 cxb4 14.Qd5 e6 15.Qxa8 Ne7 16.Qa7 Bb7
17.Bf4 e5 18.Bg5 Nc6 19.Qf2 h6 20.Be3 O-O 21.O-O Na5 22.Rac1 Nc4 23.Bxc4 Qxc4
24.b3 Qc6 25.c3 Qe6 26.cxb4 Qxb3 27.Rc7  1-0

[Event "15th ch-SLO"]
[Site "Ptuj SLO"]
[Date "2005.08.17"]
[Round "7"]
[White "Cojhter,K"]
[Black "Matko,M"]
[Result "1-0"]
[WhiteElo "2056"]
[BlackElo "2200"]

1.e4 g6 2.Nc3 Bg7 3.d4 d6 4.Be3 Nc6 5.d5 Nb8 6.Qd2 e5 7.O-O-O f5 8.f4 Nd7
9.exf5 gxf5 10.Nf3 e4 11.Ng5 Nf8 12.Be2 Nf6 13.g4 h6 14.gxf5 Bxf5 15.Bb5+ Ke7
16.Ngxe4 Nxe4 17.Nxe4 Bxe4 18.Bd4 Bxh1 19.Bxg7 Rh7 20.Qe2+ Kf7 21.Bc3 c6
22.Qh5+ Ke7 23.Qf5 Ke8 24.Bf6 Qd7 25.Re1+ Kf7 26.Re7+ Qxe7 27.Bxe7+ Kxe7
28.dxc6 bxc6 29.Bd3 Rf7 30.Qg4 Bd5 31.f5 Rf6 32.c4 Bf7 33.b4 Nd7 34.Qe4+ Ne5
35.c5 Rg8 36.cxd6+ Kxd6 37.Qd4+ Bd5 38.Qc5+ Kd7 39.Qxa7+ Ke8 40.Qb8+ Kf7
41.Qc7+ Kf8 42.Qxe5 Rf7 43.f6 Rg1+ 44.Kb2 Rd7 45.Bf5 Rb7 46.a3  1-0

[Event "ch-AUT Qualifier"]
[Site "Gmunden AUT"]
[Date "2005.08.18"]
[Round "6"]
[White "Kuba,G"]
[Black "Sulyok,M"]
[Result "1-0"]
[WhiteElo "2383"]
[BlackElo "2207"]

1.e4 g6 2.d4 Bg7 3.Nc3 d6 4.Be3 a6 5.Qd2 Nd7 6.Bd3 b5 7.Nce2 c5 8.c3 Rb8
9.b4 cxb4 10.cxb4 Nb6 11.Rc1 Nf6 12.d5 Bb7 13.Nf3 O-O 14.O-O e6 15.dxe6 Nxe4
16.Bxe4 Bxe4 17.exf7+ Rxf7 18.Ng5 Ba8 19.Nxf7 Kxf7 20.Bd4 Nc4 21.Qf4+ Kg8
22.Bxg7 Kxg7 23.Nd4  1-0

[Event "Ada Open"]
[Site "Belgrade SCG"]
[Date "2005.08.19"]
[Round "5"]
[White "Dakic,D"]
[Black "Popovic,AM"]
[Result "1-0"]
[WhiteElo "2143"]
[BlackElo "2272"]

1.e4 d6 2.d4 g6 3.Nc3 Bg7 4.Bg5 Nc6 5.Nge2 h6 6.Be3 Nf6 7.f3 e5 8.Qd2 Nd7
9.O-O-O Nb6 10.Qe1 Nc4 11.Bf2 O-O 12.d5 Ne7 13.Ng3 Nb6 14.Qd2 f5 15.exf5 Nxf5
16.Nxf5 gxf5 17.Rg1 Qf6 18.Be3 c6 19.g4 fxg4 20.fxg4 cxd5 21.g5 hxg5 22.Bxg5 Qf2
23.Be2 Bf5 24.Bh6 Rf7 25.Rdf1 Qd4 26.Bxg7 Qxd2+ 27.Kxd2 Kh7 28.Bh5 Nc4+ 29.Kc1 Rxg7
30.Rxg7+ Kxg7 31.Rxf5 Ne3 32.Rf7+ Kh6 33.Bf3 e4 34.Be2 Rd8 35.Kd2 d4 36.Nxe4 Rc8  1-0

[Event "ch-AUT Qualifier"]
[Site "Gmunden AUT"]
[Date "2005.08.19"]
[Round "7"]
[White "Zsifkovits,R"]
[Black "Brandner,S"]
[Result "1-0"]
[WhiteElo "2168"]
[BlackElo "2348"]

1.e4 g6 2.d4 Bg7 3.Nc3 d6 4.f4 c6 5.Nf3 d5 6.e5 h5 7.Bd3 Nh6 8.Be3 Bg4 9.h3 Bxf3
10.Qxf3 e6 11.g3 Na6 12.a3 Nf5 13.Bf2 Bf8 14.Ne2 Qa5+ 15.c3 c5 16.O-O Be7
17.Kg2 c4 18.Bc2 O-O-O 19.b3 cxb3 20.Bxb3 Kb8 21.c4 dxc4 22.Bxc4 Nc7 23.Rfb1 Nd5
24.Rb5 Qa4 25.Bxd5 Qxb5 26.Nc3 Rxd5 27.Nxb5 Rxb5 28.Rc1 a6 29.Qc3 Rd5 30.Qc7+ Ka7
31.Rb1 Rb8 32.g4 hxg4 33.hxg4 Nh4+ 34.Kg3 Bd8 35.Qxf7 g5 36.Qxe6 Ra5 37.fxg5  1-0

[Event "ch-AUT"]
[Site "Gmunden AUT"]
[Date "2005.08.19"]
[Round "9"]
[White "Kindermann,S"]
[Black "Lehner,O"]
[Result "1-0"]
[WhiteElo "2546"]
[BlackElo "2428"]

1.e4 g6 2.d4 Bg7 3.Nc3 d6 4.Be3 a6 5.f4 b5 6.Nf3 Nd7 7.Bd3 b4 8.Nb1 Ngf6
9.Nbd2 c5 10.Qe2 O-O 11.dxc5 Nxc5 12.Bxc5 dxc5 13.Nc4 Qc7 14.e5 Nd5 15.g3 Nb6
16.O-O-O f6 17.Nxb6 Qxb6 18.Bc4+ Kh8 19.e6 Bb7 20.Rd7 Ra7 21.Rhd1 Bc6 22.f5 gxf5
23.Nh4 Bh6+ 24.Kb1 Bxd7 25.exd7 e6 26.Bxe6 f4 27.Qh5  1-0

[Event "Masters"]
[Site "Abu Dhabi UAE"]
[Date "2005.08.20"]
[Round "6"]
[White "Safarli,E"]
[Black "Aryanejad,H"]
[Result "1-0"]
[WhiteElo "2335"]
[BlackElo "2288"]

1.d4 d6 2.e4 g6 3.Nc3 Bg7 4.g3 Nc6 5.d5 Nd4 6.Be3 c5 7.Bg2 Qa5 8.Rb1 Nb5
9.Ne2 Nxc3 10.Nxc3 b5 11.a3 Ba6 12.O-O Rb8 13.b4 Qc7 14.Ne2 cxb4 15.axb4 Bc8
16.Nd4 a6 17.Nc6 Ra8 18.Bd4 f6 19.f4 Nh6 20.e5 O-O 21.exf6 exf6 22.Re1 Bg4
23.Qd3 Rae8 24.Qc3 Qf7 25.Qa1 Bc8 26.h3 Nf5 27.Bf2 Rxe1+ 28.Rxe1 Re8 29.Qc3 Rxe1+
30.Bxe1 h5 31.Bf2 Kh7 32.Nd8 Qd7 33.Ne6 Qe8 34.Nxg7 Kxg7 35.g4 Nh6 36.g5 Ng8
37.Bd4 Qd8  1-0

[Event "Ada Open"]
[Site "Belgrade SCG"]
[Date "2005.08.20"]
[Round "6"]
[White "Marinkov,S"]
[Black "Radosavljevic,Ne"]
[Result "0-1"]
[WhiteElo "2014"]
[BlackElo "2129"]

1.e4 d6 2.d4 g6 3.Nc3 Bg7 4.Be3 c6 5.f4 Qb6 6.Rb1 f5 7.Qd3 fxe4 8.Nxe4 Bf5
9.g4 Bxg4 10.Qd2 Nd7 11.a4 Ndf6 12.Nf2 Nh6 13.a5 Qc7 14.c4 Nf5 15.b4 Qd7
16.h3 Bh5 17.Rh2 Qe6 18.Rb3 O-O 19.Qd3 d5 20.c5 Nd7 21.Kd2 b6 22.cxb6 axb6
23.Ra3 Qd6 24.Ke1 Qxb4+ 25.Bd2 Qxd4 26.Nf3  0-1

[Event "Masters"]
[Site "Abu Dhabi UAE"]
[Date "2005.08.21"]
[Round "7"]
[White "Ibrahim,I UAE"]
[Black "Amer,Moh"]
[Result "1/2-1/2"]
[WhiteElo "2082"]
[BlackElo "2223"]

1.e4 g6 2.d4 Bg7 3.Nc3 d6 4.g3 Nc6 5.Be3 e5 6.dxe5 Nxe5 7.h3 Be6 8.Bg2 Nc4
9.Bc1 Ne7 10.Nge2 O-O 11.O-O c6 12.b3 Nb6 13.Be3 f5 14.Bd4 Bh6 15.f4 fxe4
16.Nxe4 Nf5 17.Bf2 Bd5 18.Qd2 Bg7 19.Rad1 Bxe4 20.Bxe4 d5 21.Bh1 Re8 22.g4 Qe7
23.Rfe1 Nd6 24.Ng3 Qf6 25.c4 Nbxc4 26.bxc4 Nxc4 27.Bxd5+ cxd5 28.Qxd5+ Qf7
29.Qxf7+ Kxf7 30.Rd7+ Kg8 31.Rxe8+ Rxe8 32.Rxb7 a5 33.Kg2 Rd8 34.Ne4 Nd6  1/2-1/2

[Event "Masters"]
[Site "Abu Dhabi UAE"]
[Date "2005.08.22"]
[Round "8"]
[White "Safarli,E"]
[Black "Simonenko,S"]
[Result "1-0"]
[WhiteElo "2335"]
[BlackElo "2431"]

1.e4 g6 2.d4 Bg7 3.Nc3 d6 4.g3 Nf6 5.Bg2 O-O 6.Nge2 e5 7.h3 c6 8.a4 a5 9.O-O Na6
10.Be3 Nb4 11.f4 exd4 12.Bxd4 Re8 13.Qd2 d5 14.e5 Nd7 15.g4 b6 16.Ng3 Ba6
17.Rfe1 Qc7 18.Kh2 Re7 19.Bf2 Rae8 20.g5 Nc5 21.Nd1 Ne6 22.f5 gxf5 23.Nxf5 Bxe5+
24.Kh1 Rd7 25.Bxb6 Bf4 26.Qd4 Qxb6 27.Rxe6 fxe6 28.Nh6+ Kf8 29.Qf6+ Rf7 30.Qxf7+  1-0

[Event "Ada Open"]
[Site "Belgrade SCG"]
[Date "2005.08.22"]
[Round "8"]
[White "Poleksic,M"]
[Black "Radosavljevic,Ne"]
[Result "1-0"]
[WhiteElo "2227"]
[BlackElo "2129"]

1.d4 d6 2.e4 g6 3.Nc3 Bg7 4.f4 c6 5.Be3 Qb6 6.Rb1 f5 7.Qd2 fxe4 8.Nxe4 Nh6
9.Nf3 Bg4 10.d5 c5 11.Be2 Nd7 12.h3 Bf5 13.Neg5 Nf6 14.O-O O-O 15.Bd3 Bc8
16.g4 Qc7 17.c4 Kh8 18.Ne6 Bxe6 19.dxe6 Nhxg4 20.hxg4 Nxg4 21.Be4 Rf6 22.Ng5 Nxe3
23.Qxe3 Raf8 24.Kg2 d5 25.cxd5 Bh6 26.Nf7+ R6xf7 27.exf7 Rxf7 28.d6 Qxd6
29.Rbd1 Qc7 30.Qc3+ Bg7 31.Qc4 Rf8 32.Qe6 Bd4 33.f5 gxf5 34.Bd5 f4 35.Kf3 Qd8
36.Rg1 Qb8 37.Rxd4 cxd4 38.Qxe7  1-0

[Event "2nd Dato' Arthur Tan Malaysian Open"]
[Site "Kuala Lumpur MAS"]
[Date "2005.08.23"]
[Round "7"]
[White "Chong Chor Yuen"]
[Black "Noguchi,K"]
[Result "1-0"]
[WhiteElo "2127"]
[BlackElo "1832"]

1.d4 d6 2.e4 g6 3.Nc3 Bg7 4.Be3 a6 5.Nf3 b5 6.a3 Bb7 7.Bd3 Nf6 8.O-O O-O
9.h3 Nbd7 10.b4 c6 11.Qd2 Re8 12.a4 e5 13.dxe5 dxe5 14.Rfd1 Qc7 15.Ng5 h6
16.Nf3 Kh7 17.Ne2 bxa4 18.Rxa4 Red8 19.Qe1 c5 20.bxc5 Bf8 21.Qa5 Qxa5 22.Rxa5 Nxe4
23.Rb1 Bc6 24.Rxa6 Rxa6 25.Bxa6 Bxc5 26.Bxc5 Ndxc5 27.Nxe5 Nxa6 28.Nxc6 Rc8
29.Ned4 Nac5 30.Rb5 Na4 31.Rb7 Kg7 32.Ne5 Ng5 33.h4 Rc5 34.f4 Rd5 35.hxg5 Rxd4
36.Rxf7+ Kg8 37.gxh6  1-0

[Event "2nd Open Fincas Mediterranea"]
[Site "Castelldefels ESP"]
[Date "2005.08.24"]
[Round "8"]
[White "Sanahuja Palomo,A"]
[Black "Wong Castaneda,A"]
[Result "1/2-1/2"]
[WhiteElo "2041"]
[BlackElo "2182"]

1.e4 d6 2.d4 g6 3.Nc3 Bg7 4.Bc4 Nc6 5.Nf3 Nf6 6.h3 O-O 7.Bg5 a6 8.Qe2 b5
9.Bb3 Bb7 10.e5 dxe5 11.dxe5 b4 12.Na4 Nd5 13.Nc5 Na5 14.Nxb7 Nxb7 15.Rd1 c6
16.Nd4 Qc7 17.Nxc6 Qxc6 18.Bxd5 Qc7 19.O-O e6 20.Bxb7 Qxb7 21.Bf6 Rac8 22.Rd4 a5
23.Rfd1 Qc7 24.R1d2 h6 25.Qe3 Qc5 26.Qf3 Qc6 27.Qf4 Qa4 28.Bxg7 Kxg7 29.Qf6+ Kh7
30.Rd7 Kg8 31.Re7 Rce8 32.Rc7 Rc8 33.Ra7 Ra8 34.Rad7 Qxa2 35.Rc7 Rac8 36.Ra7 Ra8
37.Rc7 Rac8 38.Ra7 Ra8  1/2-1/2

[Event "XXII Open"]
[Site "Collado Villalba ESP"]
[Date "2005.08.25"]
[Round "6"]
[White "Zambrana,O"]
[Black "Bermejo Collado,J"]
[Result "1-0"]
[WhiteElo "2421"]
[BlackElo "2318"]

1.e4 d6 2.d4 g6 3.Nc3 Bg7 4.f4 Nc6 5.Be3 Nf6 6.Nf3 O-O 7.Be2 e6 8.h3 Ne7
9.g4 b6 10.g5 Nd7 11.Qd2 Bb7 12.O-O-O c5 13.h4 a6 14.h5 Re8 15.hxg6 hxg6
16.Rh3 Rc8 17.Rdh1 cxd4 18.Bxd4 e5 19.Bxa6 exd4 20.Qh2 Kf8 21.Rh7 Ng8 22.Bxb7 dxc3
23.Bxc8 Qxc8 24.f5 Qc5 25.Rxg7 Qe3+ 26.Kb1 Kxg7 27.Qh8+ Kf8 28.f6 Nxf6 29.gxf6 Rxe4
30.Qg7+ Ke8 31.Qxg8+ Kd7 32.Qxf7+ Kc6 33.Rd1 Qxf3 34.Qd5+ Kc7 35.Qxd6+ Kb7
36.Qd7+ Kb8 37.Qd8+ Kb7 38.Rd7+ Ka6 39.Qa8+  1-0

[Event "V Open"]
[Site "Vila de Marin ESP"]
[Date "2005.08.26"]
[Round "6"]
[White "Huerga Leache,M"]
[Black "Garcia Castro,P"]
[Result "0-1"]
[WhiteElo "2176"]
[BlackElo "2377"]

1.e4 g6 2.d4 Bg7 3.Nc3 d6 4.g3 Na6 5.Bg2 c5 6.Nge2 cxd4 7.Nxd4 Nf6 8.O-O O-O
9.Nb3 Bg4 10.f3 Be6 11.Be3 Rc8 12.Re1 Nd7 13.Bd4 Ne5 14.Nd5 Nc5 15.h3 Bxd5
16.exd5 Na4 17.Bf1 Bf6 18.Bb5 Nxb2 19.Bxb2 Qb6+ 20.Nd4 a6 21.f4 axb5 22.fxe5 dxe5
23.d6 exd6 24.Qf3 Bg7 25.Qf2 exd4 26.Rad1 Rc4 27.Re7 Qc5 28.Ba1 Rxc2 29.Bxd4 Qxd4
30.Rc1  0-1

[Event "3rd Staunton Memorial"]
[Site "London ENG"]
[Date "2005.08.27"]
[Round "8"]
[White "Houska,Jo"]
[Black "McNab,C"]
[Result "1/2-1/2"]
[WhiteElo "2342"]
[BlackElo "2451"]

1.e4 g6 2.d4 d6 3.Nc3 Bg7 4.Be3 Nf6 5.Qd2 c6 6.f3 Qa5 7.Bd3 Nbd7 8.Nge2 e5
9.O-O O-O 10.Kh1 Re8 11.Bh6 b5 12.a3 Qb6 13.Be3 Qc7 14.d5 a6 15.dxc6 Qxc6
16.a4 bxa4 17.Nxa4 d5 18.exd5 Qxd5 19.Nec3 Qc6 20.Ne4 Nd5 21.Bh6 Rb8 22.b3 Nf4
23.Bxg7 Kxg7 24.Bc4 Nb6 25.Qd6 Qxd6 26.Nxd6 Rd8 27.Nxb6 Rxd6 28.Nxc8 Rxc8
29.g3 Ne6 30.Rf2 Rcc6 31.Ra5 f6 32.Kg2 Nc7 33.Re2 Kf8 34.Kf2 Ne6 35.Ke3 Nd4
36.Rd2 Ke7 37.c3 Nxb3  1/2-1/2

[Event "13th Open"]
[Site "Nikaia GRE"]
[Date "2005.08.27"]
[Round "6"]
[White "Palekha,A"]
[Black "Litsas,I"]
[Result "1-0"]
[WhiteElo "2345"]
[BlackElo "2150"]

1.e4 d6 2.d4 g6 3.Nc3 Bg7 4.Be3 c6 5.Qd2 b5 6.h3 a6 7.g4 Bb7 8.Bg2 Nd7 9.Nce2 c5
10.Ng3 cxd4 11.Bxd4 Bxd4 12.Qxd4 f6 13.N1e2 Qb6 14.Qd2 Rd8 15.Nf4 Kf7 16.Nd5 Qc5
17.f4 e6 18.Ne3 Nb6 19.O-O-O Ne7 20.g5 Nc4 21.Nxc4 Qxc4 22.b3 Qc5 23.gxf6 Qa3+
24.Kb1 e5 25.fxe5  1-0

[Event "13th Open"]
[Site "Nikaia GRE"]
[Date "2005.08.28"]
[Round "7"]
[White "Aggelis,N"]
[Black "Alexakis,D"]
[Result "1-0"]
[WhiteElo "1953"]
[BlackElo "2230"]

1.e4 g6 2.d4 Bg7 3.Nc3 d6 4.Be3 c6 5.Qd2 Qa5 6.Bd3 Nd7 7.Nge2 Ngf6 8.f3 a6
9.O-O Qc7 10.Nd1 O-O 11.c4 c5 12.d5 Ne5 13.Bf4 Nfd7 14.Rb1 b5 15.b3 Rb8 16.Ndc3 bxc4
17.bxc4 Nb6 18.Bxe5 Bxe5 19.f4 Bg7 20.Rb3 Bd7 21.f5 Na4 22.Nd1 Rb7 23.Nf2 Nb6
24.Ng4 h5 25.Nh6+ Kh8 26.fxg6 fxg6 27.Rxf8+ Bxf8 28.Qg5 Be8 29.Nf4 e5 30.Nxg6+ Bxg6
31.Qxg6 Qg7 32.Qxg7+ Kxg7 33.Nf5+ Kg6 34.Kf2 Rb8 35.Kg3 Nd7 36.Rxb8 Nxb8
37.Kh4 Nd7 38.Be2 Nf6 39.Bf3 a5 40.a4 Nd7 41.Bxh5+ Kh7 42.Bd1 Kg6 43.g4 Nb8
44.g5 Na6 45.Kg4 Nb4 46.h4 Nd3 47.h5+ Kf7 48.Bc2 Nf4 49.h6 Kg6 50.Nh4+ Kh7
51.Nf5 Kg6 52.Bd1 Nd3 53.Kh4 Nf4 54.Bf3 Kh7 55.Bh5 Ng2+ 56.Kg3  1-0

[Event "Rudenko mem"]
[Site "St Petersburg RUS"]
[Date "2005.08.28"]
[Round "9"]
[White "Gorozhankina,J"]
[Black "Akatova,E"]
[Result "0-1"]
[WhiteElo "1968"]
[BlackElo "2150"]

1.e4 d6 2.d4 g6 3.Nc3 Bg7 4.Be3 c6 5.Qd2 Nd7 6.f4 b5 7.Bd3 a6 8.Nf3 Nb6 9.O-O d5
10.b3 e6 11.Rae1 Ne7 12.Qf2 b4 13.Nd1 a5 14.Bd2 Ba6 15.Nb2 O-O 16.e5 Nd7
17.c4 bxc3 18.Bxc3 h5 19.Rc1 Bxd3 20.Nxd3 Nf5 21.Bb2 Qb6 22.Ba3 Rfc8 23.Nc5 Nxc5
24.Bxc5 Qb7 25.Nh4 Nxh4 26.Qxh4 Bf8 27.Bxf8 Kxf8 28.Qg5 Qb4 29.Rfd1 c5 30.dxc5 Rxc5
31.Qh4 Rac8 32.Ra1 Rc2 33.Qf6 Kg8 34.Qg5 Qe4 35.h3 Re2 36.Kh1 Rc3 37.Kg1 Rcc2
38.Kh1 Rxg2  0-1

[Event "Nordic Championships"]
[Site "Vammala FIN"]
[Date "2005.08.28"]
[Round "5"]
[White "Sammalvuo,T"]
[Black "Lehtinen,H"]
[Result "1-0"]
[WhiteElo "2441"]
[BlackElo "2402"]

1.e4 g6 2.d4 Bg7 3.Nc3 d6 4.f4 Nf6 5.Nf3 c5 6.Bb5+ Bd7 7.Bxd7+ Nfxd7 8.d5 Qa5
9.O-O Na6 10.Qe2 Nc7 11.Kh1 Nb6 12.Bd2 Qa6 13.Qf2 Nc4 14.f5 O-O-O 15.Qh4 Nxd2
16.Nxd2 Bxc3 17.bxc3 f6 18.Qh3 Kb8 19.c4 Qa4 20.Qc3 Ka8 21.Rab1 Rb8 22.Rb3 b5
23.fxg6 hxg6 24.Rc1 b4 25.Qb2 Rb6 26.Ra1 Qd7 27.Rg3 g5 28.Qc1 Rh4 29.Rb1 Qe8
30.Qe1 Qg6 31.c3 Qh7 32.h3 g4 33.Re3 gxh3 34.g3 Rh5 35.cxb4 cxb4 36.a3 b3
37.c5 dxc5 38.Nc4 Rb5 39.Rexb3 Rxb3 40.Rxb3 Qh6 41.Nb6+ Kb7 42.Nd7+ Kc8 43.Nxc5 f5
44.Qb1 Na6 45.Rb8+ Kc7 46.Rc8+  1-0

[Event "4th Open"]
[Site "Lahijan IRI"]
[Date "2005.08.29"]
[Round "5"]
[White "Abdullaev,M"]
[Black "Fardbehbahani,B"]
[Result "1-0"]
[WhiteElo "2255"]
[BlackElo "2005"]

1.e4 g6 2.d4 Bg7 3.Nc3 d6 4.f4 Nf6 5.Nf3 a5 6.Bd3 Na6 7.O-O O-O 8.a3 c5 9.d5 Bg4
10.h3 Bxf3 11.Qxf3 Nd7 12.Be3 Nb6 13.Qf2 Qd7 14.Kh1 e6 15.f5 exf5 16.exf5 Be5
17.Qh4 Nc7 18.Ne4 f6 19.fxg6 hxg6 20.Nxf6+ Bxf6 21.Rxf6 Rxf6 22.Qxf6 Ncxd5
23.Qxg6+ Qg7 24.Qxd6 Nxe3 25.Qe6+ Kh8 26.Qxe3 Rc8 27.Qe6 Nd7 28.Bf5 Rc7 29.Re1 Nf6  1-0

[Event "Premiership International"]
[Site "Coulsdon ENG"]
[Date "2005.09.01"]
[Round "6"]
[White "Bigg,A"]
[Black "Grunberg,M"]
[Result "0-1"]
[WhiteElo "2277"]
[BlackElo "2418"]

1.d4 g6 2.e4 Bg7 3.Nc3 d6 4.g3 Nf6 5.Bg2 O-O 6.Nge2 e5 7.dxe5 dxe5 8.Bg5 c6
9.Qc1 Na6 10.O-O Nc5 11.h3 a5 12.Be3 Qe7 13.Rd1 b5 14.a3 Be6 15.Qd2 b4 16.axb4 axb4
17.Rxa8 Rxa8 18.Nd5 cxd5 19.exd5 Nce4 20.dxe6 Nxd2 21.Bxa8 Nc4 22.exf7+ Kxf7
23.Bg5 Nb6  0-1

[Event "Paul Keres Mem B"]
[Site "Tallinn EST"]
[Date "2005.09.02"]
[Round "6"]
[White "Savickas,A"]
[Black "Shvyrjov,I"]
[Result "1-0"]
[WhiteElo "2281"]
[BlackElo "2476"]

1.e4 g6 2.d4 Bg7 3.Nc3 d6 4.f4 a6 5.Nf3 b5 6.Bd3 Bb7 7.Qe2 Nd7 8.Be3 c5 9.dxc5 Nxc5
10.Bxc5 Bxc3+ 11.bxc3 dxc5 12.c4 b4 13.O-O e6 14.f5 Qe7 15.fxe6 fxe6 16.Qe3 e5
17.Qg5 Qxg5 18.Nxg5 Nh6 19.Rf6 O-O-O 20.Raf1 Kb8 21.h3 Ka7 22.Kf2 Rd7 23.Ke3 Re8
24.Re6 Rxe6 25.Nxe6 Kb6 26.Ng5 Bc6 27.Rf6 Re7 28.g4 a5 29.Rf8 Bd7 30.Rh8 Bxg4
31.hxg4 Nxg4+ 32.Kf3 Nf6 33.Rf8 Nd7 34.Rf7 Rxf7+ 35.Nxf7 a4 36.Ke3 h5 37.Bf1 Kc7
38.Kd3 a3 39.Bh3 Nb6 40.Nxe5 Na4 41.Nxg6 Nc3 42.e5 Nxa2 43.Kd2 Nc3 44.Kc1 Nd1
45.Kb1 Ne3 46.Be6 Kd8 47.Bd5 Kc7 48.e6 Nf5 49.e7 Ng7 50.Ka2 Kd7 51.Bf7 Ne8
52.Kb3 Nf6 53.c3 h4 54.e8=Q+ Nxe8 55.Bxe8+ Kxe8 56.Nxh4 Kd7 57.Nf3 Ke6 58.cxb4 cxb4
59.Nd4+  1-0

[Event "TCh-POL Ekstraliga"]
[Site "Lubniewice POL"]
[Date "2005.09.03"]
[Round "1"]
[White "Gorecka,J"]
[Black "Socko,M"]
[Result "0-1"]
[WhiteElo "2069"]
[BlackElo "2465"]

1.e4 g6 2.d4 d6 3.Nc3 Bg7 4.Be3 a6 5.a4 Nf6 6.h3 O-O 7.Nf3 b6 8.Bd3 Nbd7
9.O-O Bb7 10.Re1 e5 11.dxe5 dxe5 12.Qd2 Qe7 13.Bg5 Rfe8 14.Bc4 Qc5 15.b3 Nf8
16.Rad1 Ne6 17.Be3 Qa5 18.Nd5 Nxe4 19.Qxa5 bxa5 20.Bc1 Nd6 21.Nxc7 Nxc4 22.Nxe8 Rxe8
23.bxc4 e4 24.Ng5 Nd4 25.c3 Nf5 26.f3 e3 27.Rd3 h6 28.Ne4 Bxe4 29.fxe4 Rxe4
30.Bxe3 Rxc4 31.Bf2 Bf6 32.Re8+ Kg7 33.g4 Nh4 34.Bd4 Rxa4 35.Bxf6+ Kxf6 36.Rd6+ Kg7
37.Rxa6 Nf3+ 38.Kg2 Ng5 39.Re5 Ra2+ 40.Kg3 Ra3 41.Re3 a4 42.Ra7 Kf8 43.h4 Rxc3
44.Rxc3 Ne4+ 45.Kf3 Nxc3 46.Rc7 Nb5 47.Rc5 Nd4+ 48.Ke3 Nb3 49.Rc8+ Ke7 50.Ra8 Nc5
51.Kd4 Kd6 52.Kc4 Nd7 53.Kb4 Nf6 54.Rxa4 Nxg4 55.Kc3 Ne5 56.Kd2 Ke6 57.Ke3 g5
58.hxg5 hxg5 59.Kf2 f5 60.Ke3 Nc6 61.Kf3 Ke5 62.Ra1 Nd4+ 63.Kf2 f4 64.Ra5+ Kf6
65.Rd5 Nf5 66.Kf3 Kg6 67.Ra5 Ne3 68.Ra1 Nc4 69.Ra4 Ne5+ 70.Ke4 Ng4 71.Kf3 Kf5
72.Ra5+ Ne5+ 73.Kg2 g4 74.Kf2 g3+ 75.Kg2 Ke4 76.Ra4+ Ke3 77.Ra3+ Nd3 78.Ra1 Ke4
79.Rd1 Ne5 80.Ra1 Nd3 81.Rd1 Nf2 82.Ra1 Kf5 83.Kf3 Nd3 84.Kg2 Kg4 85.Ra3 f3+
86.Kf1 g2+ 87.Kg1 Nf4 88.Rxf3 Kxf3 89.Kh2 Ne2  0-1

[Event "IX Taca BCX"]
[Site "Brasiliat BRA"]
[Date "2005.09.04"]
[Round "1"]
[White "Reis,E"]
[Black "Crosa,M"]
[Result "0-1"]
[WhiteElo "2016"]
[BlackElo "2415"]

1.e4 d6 2.d4 g6 3.Nc3 Bg7 4.Be3 a6 5.Be2 Nd7 6.Nf3 b5 7.a3 Bb7 8.O-O e6 9.Bg5 Ne7
10.Qd2 h6 11.Be3 Nf6 12.Bd3 Ng4 13.Bf4 g5 14.Bg3 Nf6 15.e5 Nh5 16.Ne4 Nxg3
17.fxg3 dxe5 18.dxe5 g4 19.Nf6+ Bxf6 20.exf6 Nc6 21.Nh4 Qd5 22.Qf4 Ne5 23.Rae1 Nxd3
24.cxd3 O-O-O 25.Qxg4 Qxd3 26.Qe2 Qd4+ 27.Kh1 Rd6 28.Rf4 Qd2 29.Kg1 Rhd8
30.Nf3 Qa5 31.Qe3 Rd3 32.Qf2 Rd1 33.Rb4 Kb8 34.Kf1 R8d5 35.Rxd1 Rxd1+ 36.Ne1 Rd5
37.Nf3 c5 38.Re4 Qc7 39.Re1 Rf5 40.Rc1 c4 41.Qd4 e5 42.Qg4 Rxf6 43.Kg1 Qb6+
44.Kh1 Qe3  0-1

[Event "TCh-POL Ekstraliga"]
[Site "Lubniewice POL"]
[Date "2005.09.04"]
[Round "2"]
[White "Lagowski,P"]
[Black "Marszalek,Mac"]
[Result "1/2-1/2"]
[WhiteElo "2395"]
[BlackElo "2386"]

1.d4 g6 2.e4 Bg7 3.Nc3 d6 4.f4 Nf6 5.Nf3 O-O 6.e5 dxe5 7.dxe5 Qxd1+ 8.Nxd1 Nd5
9.c4 Nb6 10.Ne3 c6 11.b3 f6 12.Bb2 Bh6 13.g3 N8d7 14.Rd1 fxe5 15.Nxe5 Nxe5
16.Bxe5 Nd7 17.Bb2 Bg7 18.Bxg7 Kxg7 19.Bh3 Nf6 20.Bxc8 Raxc8 21.O-O Rcd8
22.Rfe1 Kf7 23.Nc2 c5 24.Na3 a6 25.Nb1 Rd6 26.Rxd6 exd6 27.Nc3 Re8 28.Rxe8 Kxe8
29.h3 Kd7 30.Nd5 Nxd5 31.cxd5 b5 32.Kf2 Ke7 33.Ke3 Kf6 34.Ke4 h5 35.g4 hxg4
36.hxg4  1/2-1/2

[Event "ch-New York State"]
[Site "Monticello USA"]
[Date "2005.09.05"]
[Round "5"]
[White "Tamarkin,L"]
[Black "Weeramantry,S"]
[Result "0-1"]
[WhiteElo "2186"]
[BlackElo "2237"]

1.Nc3 g6 2.e4 Bg7 3.d4 d6 4.Be3 c6 5.Qd2 b5 6.a3 a6 7.Nf3 Nd7 8.Be2 Nb6 9.b3 Qc7
10.Rc1 Bb7 11.O-O Nd7 12.Ng5 e6 13.f4 h6 14.Nh3 Ne7 15.g4 f5 16.gxf5 exf5
17.e5 dxe5 18.dxe5 O-O-O 19.Qe1 g5 20.fxg5 Qxe5 21.Nd1 hxg5 22.Nf4 gxf4 23.Bxf4 Qc5+
24.Kh1 Nd5 25.Bg5 Be5 26.h4 Rdg8 27.Rxf5 Qd4 28.Bf3 Rxg5 29.Rxg5 Rxh4+ 30.Kg2 Rh2+
31.Kf1 Qf4 32.Rg8+ Kc7  0-1

[Event "IX Taca BCX"]
[Site "Brasiliat BRA"]
[Date "2005.09.08"]
[Round "6"]
[White "Crosa,M"]
[Black "Silveira,N"]
[Result "1-0"]
[WhiteElo "2415"]
[BlackElo "2244"]

1.e4 g6 2.d4 Bg7 3.Nc3 d6 4.Be3 a6 5.h4 h5 6.Nh3 b5 7.Ng5 Nf6 8.f3 b4 9.Ne2 Nbd7
10.Nf4 Nb6 11.Qd2 a5 12.O-O-O Ba6 13.Bxa6 Rxa6 14.Qd3 Qc8 15.e5 Nfd5 16.e6 Nxf4
17.exf7+ Kf8 18.Bxf4 Nd5 19.Bd2 Rh6 20.Rhe1 a4 21.Qc4 c6 22.Bxb4 Bf6 23.Bxd6 Bxg5+
24.hxg5 Rh7 25.Bxe7+ Kxf7 26.Re5 Ra5 27.Rde1 Kg8 28.Bd8  1-0

[Event "FSIMB September"]
[Site "Budapest HUN"]
[Date "2005.09.09"]
[Round "7"]
[White "Stupavski,Z"]
[Black "Brustkern,J"]
[Result "1-0"]
[WhiteElo "2337"]
[BlackElo "2250"]

1.e4 g6 2.d4 Bg7 3.Nc3 d6 4.h3 c6 5.a4 Nf6 6.Nf3 O-O 7.Be3 d5 8.e5 Ne4 9.Nxe4 dxe4
10.Ng5 c5 11.c3 Qd5 12.f4 exf3 13.Nxf3 Nc6 14.dxc5 Be6 15.Qxd5 Bxd5 16.Rd1 Rad8
17.Rxd5 Rxd5 18.Bc4 Rxe5 19.Nxe5 Bxe5 20.Kd2 Kg7 21.Kc2 f5 22.Bd5 Rc8 23.b4 Rc7
24.Rd1 Kf6 25.Kb3 Nb8 26.Bf3 h5 27.Rd8 Nc6 28.Rf8+ Kg7 29.Ra8 Rd7 30.Bxc6 bxc6
31.Kc4 f4 32.Bd4 Bxd4 33.cxd4 g5 34.b5 cxb5+ 35.axb5 g4 36.hxg4 hxg4 37.c6 Rc7
38.Kd3  1-0

[Event "TCh-FIN 2005-6"]
[Site "Helsinki FIN"]
[Date "2005.09.10"]
[Round "1"]
[White "Kanko,I"]
[Black "Ristoja,J"]
[Result "0-1"]
[WhiteElo "2229"]
[BlackElo "2313"]

1.d4 d6 2.e4 g6 3.Nc3 Bg7 4.Be3 a6 5.f4 b5 6.a4 b4 7.Nb1 Nf6 8.Bd3 Ng4 9.Qf3 Nxe3
10.Qxe3 c5 11.Nf3 cxd4 12.Nxd4 Qb6 13.c3 bxc3 14.bxc3 Qb2 15.Nc2 Bxc3+ 16.Nxc3 Qxc3+
17.Kf2 Nd7 18.Rhc1 O-O 19.Nd4 Qb2+ 20.Kg1 Nc5 21.Bc4 Qb6 22.Rab1 Qc7 23.Bd5 Rb8
24.Rxb8 Qxb8 25.Nc6 Qc7 26.e5 Be6 27.exd6 exd6 28.f5 Bxf5 29.Ne7+ Kh8 30.Nxf5 gxf5
31.Qg5 f6 32.Qxf5 Qe7 33.Rf1 Qe3+ 34.Kh1 Qe5 35.Qf3 Nxa4 36.Be4 Nc5 37.Bf5 Re8
38.Qh5 Re7 39.Qh6 Kg8 40.h3 Rg7 41.Bg4 Ne4 42.Rb1 d5 43.Rc1 Rxg4 44.Rc8+ Kf7
45.Qf8+ Kg6 46.Qg8+ Kh6 47.hxg4 Nf2+ 48.Kg1 Qe1+ 49.Kh2 Qh1+ 50.Kg3 Ne4+  0-1

[Event "IX Taca BCX"]
[Site "Brasiliat BRA"]
[Date "2005.09.11"]
[Round "11"]
[White "De Andrade,W"]
[Black "Lima,Da"]
[Result "1/2-1/2"]
[WhiteElo "2185"]
[BlackElo "2535"]

1.e4 g6 2.d4 Bg7 3.Nc3 d6 4.Be2 Nf6 5.g4 h6 6.Be3 a6 7.h3 e5 8.dxe5 dxe5
9.Qxd8+ Kxd8 10.Bc4 Ke8 11.Nf3 Nc6 12.a3  1/2-1/2